| 000 | 01001nam a2200229Ia 4500 | ||
|---|---|---|---|
| 001 | 9098 | ||
| 003 | GE_BSU | ||
| 008 | 181216s||||||||xx |||||||||||||| ||und|| | ||
| 040 | _cGE_BSU | ||
| 080 | _a821-1 | ||
| 100 | _aლებანიძე,მურმან | ||
| 245 | _aუკვდავი ყვავილები | ||
| 245 | _bრჩეული თარგმანები:რობერტ ბერნსი,რედიარდ კიპლინგი,რუსი მგოსნები,იაპონური პოეზია,ძველეგვიპტური ლირიკა | ||
| 245 | _cრედ.ე.კეჭაღმაძე.მხატვ.გურამ ლონტი | ||
| 260 | _aთბილისი | ||
| 260 | _bმერანი | ||
| 260 | _c1971 | ||
| 300 | _a431გვ.ილ.17სმ. | ||
| 653 | _aრჩეული თარგმანები | ||
| 653 | _aუკვდავი ყვავილები | ||
| 942 | _cBK | ||
| 999 |
_c42402 _d42402 |
||